Výbuch /
Metrem v Oslu otřese smrtící výbuch. A to je teprve začátek. Anonym oznámí, že každých čtyřiadvacet hodin bude následovat další exploze. Město zachvátí panika, hranice se uzavírají a policie bojuje s neviditelným nepřítelem. Zatímco se novinářka Jessica Blomqvistová snaží rozkrýt pozadí útoků, detek...
Uloženo v:
| Série: | Holger Munch a Mia Krügerová,
část 5 |
|---|---|
| Hlavní autor: | |
| Médium: | E-kniha |
| Jazyk: | Czech |
| Vydáno: |
Praha :
Albatros Media a.s.,
2026
|
| Příbuzné jednotky: | Z cyklu::
Holger Munch a Mia Krügerová |
| Tagy: |
Žádné tagy |
| LEADER | 01623nam a22002417i 4500 | ||
|---|---|---|---|
| 001 | 302227 | ||
| 007 | ta | ||
| 008 | 260510s2026 xr ||||| |||| 00| 0 cze d | ||
| 020 | |a 9788025911334 | ||
| 044 | |a xr | ||
| 100 | 1 | |a Bjork, Samuel |4 aut | |
| 245 | 1 | 0 | |a Výbuch / |c Bjork, Samuel |
| 240 | 1 | 0 | |a Bjork 6 |
| 264 | 1 | |a Praha : |b Albatros Media a.s., |c 2026 | |
| 300 | |a 1 online zdroj (488 stran) | ||
| 336 | |a text |b txt |2 rdacontent | ||
| 337 | |a bez média |b n |2 rdamedia | ||
| 338 | |a online zdroj |b cr |2 rdacarrier | ||
| 520 | 2 | |a Metrem v Oslu otřese smrtící výbuch. A to je teprve začátek. Anonym oznámí, že každých čtyřiadvacet hodin bude následovat další exploze. Město zachvátí panika, hranice se uzavírají a policie bojuje s neviditelným nepřítelem. Zatímco se novinářka Jessica Blomqvistová snaží rozkrýt pozadí útoků, detektiv Holger Munch a vyšetřovatelka Mia Krügerová bojují s protivníkem, který je vždy o krok napřed. V sázce není jen jejich kariéra – i sebemenší chyba může stát stovky nevinných životů. A čas se neúprosně krátí. | |
| 787 | 0 | 8 | |g 5 |i Z cyklu: |t Holger Munch a Mia Krügerová |
| 910 | |a RBIT002 | ||
| 998 | |d 426836 |a https://core.palmknihy.cz/api/books/426836/cover?teqlsn |b https://core.palmknihy.cz/api/books/426836/cover/400?teqlsn |c https://core.palmknihy.cz/api/books/426836/cover/50?teqlsn |e 2030-05-05 |g 488 |i 9788025911334 |j https://core.palmknihy.cz/api/books/426836/preview.epub |k https://core.palmknihy.cz/api/books/426836/preview.pdf |l |q 49 |r 1 |s https://www.palmknihy.cz/kniha/426836 |t ebook |y 2026 |z 1 |v Holger Munch a Mia Krügerová |w 5 | ||
| 999 | |d 302225 | ||